MDQL
is popping MORE tags! Check the
thread
!
Quizzes
Events
Quiz Creation
Community
Videos
Private Events
Remove Ads
Sign In
Join for FREE
Feedback
Dark Mode
Quiz Categories
Sports
Geography
Music
Movies
Television
Just For Fun
Miscellaneous
History
Literature
Language
Science
Gaming
Entertainment
Religion
Holiday
For Kids
Quiz Lab
Recent
Popular Today
Quiz Kudos Today
Editor Picks
Curator Picks
Quizzes by...
Day
Popularity
Type
Ratings
Length
Year
Community
Subscriptions
Recent Discussions
Orange Saloon
Badges
Playlists
Quests
Create
Leaderboards
Showdown
Live 5
Trivia Bingo
Activity
Puzzle Library
Sporcle Events
Private Events
Virtual Trivia
Globe League
Become a Host
Pub Owners
SporcleCon
Opinionation
Our Games
Videos
Blog
Mobile Apps
Partnerships
Remove Ads and Go Orange
Feedback
Sports
Athletes
MLB
NBA
NHL
NFL
Soccer
Sports Teams
WWE
NCAA
Football
Premier League
Basketball
Baseball
Hockey
Golf
Tennis
Cricket
Rugby
Auto Racing
Olympics
World Cup
Sports
Athletes
MLB
NBA
NHL
NFL
Soccer
Sports Teams
WWE
NCAA
Football
Premier League
Basketball
Baseball
Hockey
Golf
Tennis
Cricket
Rugby
Auto Racing
Olympics
World Cup
Random Quiz
Search Sporcle
×
Quiz Lab
Quiz Lab
Sports
Chicago Sports
Type in answers that appear in a list
Type in answers that appear in a list
Classic
Best Score? Go Orange.
White Sox season hit leaders Stats
Can you name the White Sox leaders in hits for each year?
By
SporcleEXP
13m
112 Questions
176 Plays
176 Plays
176 Plays
Comments
Comments
Give Quiz Kudos
Give Quiz Kudos
-
- Ratings
hide this ad
Replay
Link that replays current quiz
Next Quiz
Link to next quiz in quiz playlist
You Got
0%
They Got
Avg Score
51%
Avg Friend Score
Upgrade to see
Score Distribution
Jump to the score distribution portion of the page
Score
0/112
Timer
13:00
0
Plays Today
Year
Player
% Correct
1991
Frank Thomas
98.3%
1992
Frank Thomas
98.3%
1993
Frank Thomas
98.3%
1994
Frank Thomas
98.3%
1996
Frank Thomas
98.3%
1997
Frank Thomas
98.3%
2000
Frank Thomas
98.3%
2009
Paul Konerko/A.J. Pierzynski
94.3%
2005
Paul Konerko
93.8%
2006
Paul Konerko
93.8%
2007
Paul Konerko
93.8%
1916
Shoeless Joe Jackson
88.6%
1919
Shoeless Joe Jackson
88.6%
1951
Nellie Fox
84.1%
1952
Nellie Fox
84.1%
1953
Nellie Fox
84.1%
1954
Nellie Fox
84.1%
1955
Nellie Fox
84.1%
1956
Nellie Fox
84.1%
1957
Nellie Fox
84.1%
1958
Nellie Fox
84.1%
1959
Nellie Fox
84.1%
1983
Harold Baines
81.8%
1984
Harold Baines
81.8%
1985
Harold Baines
81.8%
1986
Harold Baines
81.8%
1988
Harold Baines
81.8%
1961
Luis Aparicio
81.3%
1968
Luis Aparicio
81.3%
1969
Luis Aparicio
81.3%
1970
Luis Aparicio
81.3%
1921
Ernie Johnson
76.1%
1978
Lamar Johnson
76.1%
1995
Lance Johnson
76.1%
1999
Magglio Ordonez
75%
2001
Magglio Ordonez
75%
2002
Magglio Ordonez
75%
2003
Magglio Ordonez
75%
Year
Player
% Correct
1998
Albert Belle
70.5%
1948
Luke Appling
69.9%
1947
Luke Appling
69.9%
1946
Luke Appling
69.9%
1943
Luke Appling
69.9%
1941
Luke Appling
69.9%
1940
Luke Appling
69.9%
2012
Alex Rios
65.5%
1924
Eddie Collins
60.2%
1923
Eddie Collins
60.2%
1922
Eddie Collins
60.2%
1920
Eddie Collins
60.2%
1915
Eddie Collins
60.2%
1917
Eddie Collins
60.2%
1914
Shano Collins
60.2%
1912
Shano Collins
60.2%
1901
Fielder Jones
55.1%
1902
Fielder Jones
55.1%
1908
Patsy Dougherty/Fielder Jones
55.1%
1960
Minnie Minoso
55.1%
2011
Juan Pierre
54.5%
2004
Carlos Lee
54%
2010
Juan Pierre
52.8%
1979
Chet Lemon
43.2%
1973
Bill Melton
42.6%
1904
George Davis/Danny Green
41.5%
1905
George Davis/Jiggs Donahue
40.9%
1909
Patsy Dougherty
38.6%
1910
Patsy Dougherty
38.6%
1918
Buck Weaver
38.6%
1913
Buck Weaver
38.6%
1987
Ivan Calderon
38.6%
1989
Ivan Calderon
38.6%
1990
Ivan Calderon
38.6%
1982
Greg Luzinski
38.1%
1933
Al Simmons
35.2%
1934
Al Simmons
35.2%
1903
Danny Green
34.7%
Year
Player
% Correct
1907
Jiggs Donahue
33.5%
1962
Floyd Robinson
30.7%
1964
Floyd Robinson
30.7%
2008
Orlando Cabrera
30.7%
1975
Jorge Orta
28.4%
1976
Jorge Orta
28.4%
1977
Ralph Garr
27.8%
1971
Carlos May
27.3%
1972
Carlos May
27.3%
1963
Pete Ward
22.7%
1974
Ken Henderson
21%
1966
Tommie Agee
19.9%
1980
Jim Morrison
19.3%
1928
Willie Kamm
18.2%
1927
Bibb Falk
18.2%
1926
Johnny Mostil
17.6%
1965
Don Buford
15.3%
1967
Don Buford
15.3%
1930
Carl Reynolds
14.2%
1950
Gus Zernial
11.4%
1925
Earl Sheely
11.4%
1981
Tony Bernazard
11.4%
1935
Rip Radcliff
10.2%
1936
Rip Radcliff
10.2%
1937
Rip Radcliff
10.2%
1938
Rip Radcliff
10.2%
1945
Wally Moses
9.1%
1944
Wally Moses
9.1%
1931
Lu Blue
9.1%
1906
Frank Isbell
8%
1939
Mike Kreevich
7.4%
1949
Cass Michaels
5.7%
1929
Bill Cissell
4%
1942
Don Kolloway
3.4%
1911
Matty McIntyre
3.4%
1932
Red Kress
2.3%
Quiz Playlist
Details
Report
Send in Message
Add To Playlist
Classic:
Type in answers that appear in a list
Quiz Source
Last Updated: Feb 16, 2017
Quiz Scoreboard
CHALLENGE
Sign Up to Join the Scoreboard
Show All
Scores
Hide
Comments
May contain spoilers
Recently Published
1-10 Letter E Words III
by El_Dandy
Language
2m
Street Fighter Characters
by Artimus82
Gaming
60s
College Basketball Coaching Resumes
by pancakes188
Sports
9m
More to Explore
Quiz From the Vault
Featured Blog Post
Where Did the Easter Bunny Come From?
hide this ad
You Might Also Like...
Tags
Chicago Sports
Hits Leaders
Today's Top Quizzes in Sports
Browse Sports
hide this ad
Today's Top Quizzes in Chicago Sports
Browse Chicago Sports
Top Contributed Quizzes in Sports
1
2022 World Cup Stars
2
Les meilleurs buteurs des matchs entre le PSG et l’OM
3
FIFA Club World Cup Champions
4
Les entraîneurs de l'OM et du PSG au 21e siècle
5
Criteria MLB: Left Handed Sluggers
6
2023 MLB Unique Player Accomplishments
7
AFC Teams Reveal (Wrong Answers Minefield)
8
Players with Multiple 50 Home Run Seasons
9
5-to-1: FBS Animal Nicknames
10
5-to-1: UK Sports Teams
Explore More
Trending Topics
Crossword
Disney
Kpop
Anime
Harry Potter
Marvel
NBA
Pokémon
WWE
Song
Country
NFL
Soccer
Puzzle
The Office
hide this ad
More By:
SporcleEXP
Quiz
Plays
Rating
Category
Featured
Created
Harry Potter Deaths in Order Minefield
3,068,616
4.18
Literature
Jan 27, 2016
Sins, Dwarfs, and Spice Girls
847,292
4.42
Just For Fun
Apr 11, 2012
Ancient History Bunker
708,234
4.28
History
Jan 20, 2014
Movie Posters VI
679,064
4.37
Movies
Nov 12, 2010
Movie Posters VII
621,886
4.44
Movies
Apr 16, 2011
Go to Creator's Profile
Score Distribution
Quiz Creator Spotlight
SporcleEXP
Follow
Send a Message
Quizzes Created
-
Created Quiz Play Count
-
More By This Creator
Popular Quizzes Today
1
Find the US States - No Outlines Minefield
2
Find the Countries of Europe - No Outlines Minefield
3
The Countries of the World
4
Find the US States
5
Risky Map Clicking: Biggest States A-Z
6
US States
7
Popular People in 1961
8
Movies - When Are They Set?
More Sports Quizzes
Click the clubs of Dwight Yorke
Quiz Lab
Trending Quizzes
Risky Map Clicking: Least Populous States A-Z
Billboard Blitz: Aretha Franklin
Famous Russians: Author or Composer?
Countries of the World: 200 Million BC
1-10 Letter G Words
Recently Updated
Leaping Animals
pecheneg
Reality TV Shows (A-Z)
bhenderson79
Rickey Henderson's Hall of Fame Teammates
pecheneg
Champions League XIs: Arsenal
pecheneg
Quick Pick: Celebrities in WWE's Hall of Fame
aduchscher
A-Z Keypad Blitz II
pecheneg
Multiple Oscar Actors
pecheneg
Mystery Phrase Blitz: Oscar 'Best Actors'
pecheneg
F. Scott Fitzgerald Novels
LTH
Pick 3 Villains
ddd62291
Trending Topics
NBA
Kpop
Disney
Crossword
Harry Potter
Anime
Marvel
Pokémon
Soccer
Puzzle
NFL
Country
The Office
Song
WWE
Your Account Isn't Verified!
In order to create a playlist on Sporcle, you need to verify the email address you used during registration. Go to your
Sporcle Settings
to finish the process.
Report this User
Report this user for behavior that violates our
Community Guidelines
.
Details:
Send Report
Go to the Sporcle.com Mobile Site →
Comments